Phong tục - lễ nghi dân gian Trung Quốc

Gespeichert in:
Bibliographische Detailangaben
1. Verfasser: Hồng, Phi
Format: Buch
Sprache:Undetermined
Veröffentlicht: Thanh Hóa Nhà xuất bản Thanh Hóa 2005
Schlagworte:
Tags: Tag hinzufügen
Keine Tags, Fügen Sie den ersten Tag hinzu!
Thư viện lưu trữ: Trung tâm Học liệu Trường Đại học Cần Thơ
LEADER 00561nam a2200205Ia 4500
001 CTU_93622
008 210402s9999 xx 000 0 und d
020 |c 63000 
082 |a 392.00951 
082 |b Ph300 
100 |a Hồng, Phi 
245 0 |a Phong tục - lễ nghi dân gian Trung Quốc 
245 0 |c Hồng Phi, Kim Thoa 
260 |a Thanh Hóa 
260 |b Nhà xuất bản Thanh Hóa 
260 |c 2005 
650 |a Folklore 
650 |z China 
904 |i Mai Loan 
980 |a Trung tâm Học liệu Trường Đại học Cần Thơ